[Event "US Open 2021"]
[Site "Crowne Plaza Cherry Hill, United States"]
[Date "2021.08.??"]
[EventDate "?"]
[Round "3.4"]
[Result "0-1"]
[White "Zachary John Allen"]
[Black "John Michael Burke"]
[WhiteElo "2121"]
[BlackElo "2640"]
[PlyCount "44"]

1. e4   c5  2. Nc3  Nc6  3. Bb5  Nd4 
 4. Nf3   a6   5. Bd3   g6
  6. O-O  
Bg7   7. Rb1   Nc6   8. a4 
 e6   9. Re1   Nge7  10. Bf1 
 O-O   11. d3   d5   12. exd5
  exd5  13. Bg5   h6   14. Bf4
  g5   15.
Bd2   Ng6  
16. Kh1   f5   17. Ng1   f4 
 18. Be2   Nge5   19. h3   g4
  20. Bf1  
gxh3   21. gxh3   f3   22. Re3 
 d4   0-1

[Event "US Open 2021"]
[Site "Crowne Plaza Cherry Hill, United States"]
[Date "2021.08.??"]
[EventDate "?"]
[Round "3.3"]
[Result "1-0"]
[White "Aleksandre Lenderman"]
[Black "Sam Hamilton"]
[WhiteElo "2703"]
[BlackElo "2116"]
[PlyCount "110"]

1. d4  e6   2. Nf3   d5   3. g3
  Nf6   4.
Bg2   Be7  
5. c4  c6   6. Nc3   O-O   7. O-O
 Nbd7   8. b3   b6   9. Bb2
  Ba6   10.
a4   dxc4  
11. bxc4   Bxc4   12. Nd2  Ba6   13.
Bxc6  Rc8   14. Bg2  Qc7   15. Qb3 
 Qb8   16. Rfc1   e5   17. Nb5
 exd4   18. Nxd4  Nc5  19. Qe3  
Rfe8   20. Bc6   Bd6   21. Bxe8 
 Rxe8   22. Qg5   Re5   23. Nf5
  Ne6   24.
Bxe5   Nxg5   25. Bxd6   Qa8 
 26. f3   h5   27. Be5   Kh7
  28. Bxf6   gxf6   29. Nd4 
 Qd5   30. e3   Ne6   31. Ne4
  Kg6   32.
Rd1   Nxd4   33. Rxd4   Qb3 
 34. Re1   Bb7   35. Nd2   Qc3
  36. Kf2  Bc6   37. g4   h4
  38. Rg1  
Bxa4   39. g5   f5   40. Rd6+ 
Kg7   41. g6   f4   42. gxf7+ 
 Kxf7   43. Re1   Qe5   44. Ne4
  fxe3+  
45. Kxe3   Bc2   46. Rf6+  Ke7  
47. Rf4  h3   48. Re2   Bb3   49. Rh4
 Bc4  50. Rh7+  Ke6   51. Rc2   Qb5
  52. Rxh3   a5   53. Rg2 
 Bf1   54. Rh6+   Kf7   55. Nd6+
 1-0

[Event "US Open 2021"]
[Site "Crowne Plaza Cherry Hill, United States"]
[Date "2021.08.??"]
[EventDate "?"]
[Round "3.2"]
[Result "0-1"]
[White "Christopher Ventura"]
[Black "Benjamin Gledura"]
[WhiteElo "2150"]
[BlackElo "2721"]
[PlyCount "60"]

1. d4   Nf6  2. c4   g6   3. Nc3
  d5   4.
Nf3   Bg7  
5. Bg5   Ne4   6. Bf4   Nxc3 
 7. bxc3   dxc4   8. e3   Be6
  9. Qb1  
Qd5   10. Nd2   O-O   11. Be2 
 Qa5   12. Bf3   Nd7   13. O-O
  Qxc3   14.
Ne4   Qa3  
15. Ng5   Bf5   16. e4   e5 
 17. dxe5   Be6   18. Qb5   c6
  19. Qxb7   Rab8   20. Qc7 
 Rfc8   21. Qd6  Qxd6   22. exd6 
 Bxa1  23. Rxa1   Rb2   24. Nxe6 
 fxe6   25. e5   Rcb8   26. g3
  Rb1+   27.
Rxb1   Rxb1+  28. Kg2  c3   29. Bxc6 
 Nc5   30. d7   Rd1  0-1

[Event "US Open 2021"]
[Site "Crowne Plaza Cherry Hill, United States"]
[Date "2021.08.??"]
[EventDate "?"]
[Round "3.1"]
[Result "1-0"]
[White "Bruzon Batista, Lazaro"]
[Black "Vishnu Vanapalli"]
[WhiteElo "2725"]
[BlackElo "2180"]
[PlyCount "40"]

1. Nf3  d5   2. g3   Nf6   3. Bg2
  e6  4. O-O   c5   5. c4
  dxc4   6.
Na3   Bd7  
7. Nxc4   Bc6  8. d4   Nbd7   9. Bf4
  Nb6   10.
Nce5   Bxf3   11. Bxf3   Nfd5 
 12. Qb3   a6   13. Rac1   Rc8
  14. Bxd5   exd5   15. dxc5 
 Bxc5   16. Nd3   Be7   17. Rxc8
  Nxc8   18.
Qxb7   a5  
19. Ne5   O-O   20. Nc6   1-0

[Event "US Open 2021"]
[Site "Crowne Plaza Cherry Hill, United States"]
[Date "2021.08.07"]
[EventDate "?"]
[Round "8.12"]
[Result "0-1"]
[White "Anish Lodh"]
[Black "Mackenzie S Molner"]
[WhiteElo "2073"]
[BlackElo "2517"]
[PlyCount "100"]

1. e4  c5  2. c3  Nf6   3. e5   Nd5
 4. d4  cxd4  5. Nf3  d6   6. cxd4  Nc6
 7. Bc4  Be6   8. O-O   dxe5 
 9. dxe5   g6   10. Qe2   Bg7
  11. Rd1  
Qa5   12. Bd2   Qc5   13. Na3 
 O-O   14. Rac1   Qb6   15. Bg5
  Rfd8   16.
Rd2   h6  
17. Rcd1   hxg5   18. Bxd5   Bxd5 
 19. Rxd5  g4   20. Ng5   Nxe5 
 21. Nc4   Nxc4   22. Qxc4  e6 
 23. Rd7   Rac8   24. Qf4   Rxd7
  25. Rxd7  f5   26. h3   Qxb2
  27. Qe3  
Qc1+   28. Qxc1   Rxc1+   29. Kh2 
Be5+  30. g3  Rc2   31. Rd8+   Kg7 
32. Rd7+  Kf8   33. Nxe6+
  Ke8   34.
Rxb7   Rxf2+   35. Kg1   Rxa2 
36. hxg4  fxg4  37. Ng7+ 
 Kf8   38. Ne6+  Kg8   39. Rb4 
 Ra3   40. Rxg4   Rxg3+  41. Rxg3 
Bxg3  42. Nd4   a5   43. Kg2   Be5
  44. Nc2  
a4   45. Kf3   Bd6   46. Ke4 
 Kf7   47. Kd5   Be7   48. Kc4
  g5   49.
Ne3   Ke6  
50. Kd4   a3  0-1

[Event "US Open 2021"]
[Site "Crowne Plaza Cherry Hill, United States"]
[Date "2021.08.07"]
[EventDate "?"]
[Round "8.9"]
[Result "1-0"]
[White "Brandon Jacobson"]
[Black "Eugene Yanayt"]
[WhiteElo "2596"]
[BlackElo "2279"]
[PlyCount "68"]

1. e4   c5   2. Nf3  d6   3.
d4  cxd4  4. Nxd4  Nf6
  5. Nc3  g6   6. Be3   Bg7
 7. f3   Nc6  8. Qd2  O-O   9.
O-O-O   d5   10. Nxc6   bxc6 
 11. Bc4  e6   12. Bb3   Bb7 
 13. Na4   Qc7   14. Nc5   Rfd8
  15. Bf4  
Qb6   16. Na4   Qa6   17. Bh6 
 Bh8   18. h4   Rac8   19. exd5
  cxd5   20.
h5   d4  
21. hxg6   hxg6   22. Bg5   Bg7 
 23. Qf4   Rd5   24. Bxf6   Rf5
  25. Bxg7   Rxf4   26. Be5 
 f6   27. Bxf4   g5   28. Bg3
  d3   29.
Nc3   Rd8  
30. Rhe1   Bc8   31. Ne4  Qa5   32.
Nxf6+   Kg7   33. Ne4   Ba6 
 34. Nc3   1-0

[Event "US Open 2021"]
[Site "Crowne Plaza Cherry Hill, United States"]
[Date "2021.08.07"]
[EventDate "?"]
[Round "8.8"]
[Result "1-0"]
[White "varuzhan Akobian"]
[Black "Zachary Tanenbaum"]
[WhiteElo "2678"]
[BlackElo "2303"]
[PlyCount "108"]

1. d4  d5  2. c4  dxc4
  3. e4  c5   4. d5   e6
  5. Bxc4  
Nf6   6. Nc3   exd5   7. exd5 
 a6   8. a4  Bd6   9. Qe2+ 
 Qe7   10. Nf3  Qxe2+   11. Bxe2 
Bf5   12. Nd2   Be5   13. Nc4 
 Nbd7   14. Nxe5   Nxe5   15. Bf4
  Nd3+   16.
Bxd3   Bxd3   17. O-O-O   c4 
 18. Rhe1+   Kd7   19. a5  Rae8 
 20. f3   Rxe1   21. Rxe1  Re8 
 22. Rxe8   Kxe8   23. Kd2   Nd7
  24. b4  
Ke7   25. Bc7   g5   26. Ke3 
 f5   27. Kd4   h6   28. g3
  Bf1   29.
Nd1   Kf6  
30. Ne3   Be2   31. Bd8+   Kf7 
 32. Nxf5   Ke8   33. Bb6   Nf6
  34. Nd6+   Ke7   35. Nf5+ 
 Kd7   36. Ke5   Ng8   37. f4
  c3  38. Be3   gxf4   39. Bxf4
  h5   40.
Nd4   Bc4  
41. d6   Bf7   42. h3   Bc4 
 43. g4   hxg4   44. hxg4   Ba2
  45. g5  
Bf7   46. Ne2   c2   47. Nd4 
 Bg6   48. Ne6   Bf7   49. Nc5+
  Kc6   50.
d7   Kc7  
51. g6   Ne7   52. gxf7   Ng6+ 
 53. Kf6+   Nxf4  54. d8=Q+   1-0

[Event "US Open 2021"]
[Site "Crowne Plaza Cherry Hill, United States"]
[Date "2021.08.07"]
[EventDate "?"]
[Round "8.7"]
[Result "0-1"]
[White "Jay Bonin"]
[Black "Illia Nyzhnyk"]
[WhiteElo "2323"]
[BlackElo "2778"]
[PlyCount "104"]

1. d4   d5   2. Nf3  Nf6  3. c4  dxc4  4. e3   e6
 5. Bxc4   a6  6. O-O   b5  7.
Be2   Bb7  8. a3   Nbd7  9. b4 
 Bd6   10. Bb2   O-O   11. Nbd2
  Nb6  12. Rc1   Ne4   13. Qc2
  f5  14. Rfd1   Bd5   15. Ne5
  Qh4   16.
Nxe4   fxe4   17. g3   Qh6 
 18. Bf1   Rf5   19. Bg2   Raf8
  20. Rd2  
Bxe5   21. dxe5   Nc4  22. Re2  
Rh5  23. h4   g5   24. hxg5   Qg6
  25. Rd1  
Rxg5   26. Rd4   Rg4   27. Bh3 
 Rf3   28. Bxg4   Qxg4  29. Rxd5 
 exd5  30. e6   Qxe6   31. Qc3 
 Nxb2   32. Rxb2   c6  33. Rc2 
 Rf6  34. Qc5   h5   35. Qb6 
 Qc8   36. Qa7   h4   37. Qe7
  Qf5  38. Qd8+   Kh7   39. Qc7+
  Rf7   40.
Qf4   Qxf4   41. gxf4  Rf6  
42. Kg2  Kg6   43. Kh3
  d4  44. exd4   Kf5   45. Rc5+
  Kxf4   46.
d5  cxd5  47. Rxd5  Kf3
  48. Rd2  
Rg6  49. Kxh4   Rg2  50. Rd6   Kxf2 
 51. Rxa6   e3   52. Rf6+   Kg1
 0-1

[Event "US Open 2021"]
[Site "Crowne Plaza Cherry Hill, United States"]
[Date "2021.08.07"]
[EventDate "?"]
[Round "8.6"]
[Result "1-0"]
[White "Hans Niemann"]
[Black "Nicholas Rosenthal"]
[WhiteElo "2648"]
[BlackElo "2240"]
[PlyCount "60"]

1. d4  e6  2. c4  d5   3. Nf3  c6 
 4. e3  f5   5. Be2   Nf6  6.
O-O  Bd6  7. b3  Qe7  8. a4   O-O 
 9. Ba3   Nbd7   10. Bxd6   Qxd6
 11. a5  f4   12. exf4   Qxf4 
 13. Nc3   Qd6   14. Re1   Ne4
  15. Qc2  
Ndf6   16. Bd3   Nxc3   17. Qxc3 
 Ng4   18. Bc2   Bd7   19. h3
  Rxf3   20.
Qxf3  Qh2+   21. Kf1   Nxf2  22. Kxf2 
g6   23. Rh1   Qd6   24. c5 
 Qe7  25. Qe3  Qh4+   26. g3   Qh5
  27. Kg2  e5  28. Qxe5   Qh6 
 29. Qf4   Qh5  30. Bd1   1-0

[Event "US Open 2021"]
[Site "Crowne Plaza Cherry Hill, United States"]
[Date "2021.08.07"]
[EventDate "?"]
[Round "8.5"]
[Result "1-0"]
[White "Awonder Liang"]
[Black "Seth Homa"]
[WhiteElo "2674"]
[BlackElo "2394"]
[PlyCount "58"]

1. e4  c5   2. Nf3   Nc6   3. d4
  cxd4   4.
Nxd4  Nf6  5. Nc3  e5   6. Ndb5   d6
  7. Nd5  Nxd5   8. exd5   Ne7
  9. c3  
f5   10. Qa4   Kf7   11. Qb4 
 Ng8   12. a4   a6   13. Na3
  Nf6   14.
Be3   Be7  
15. O-O-O   g6   16. a5   Kg7 
 17. Nc4   f4   18. Bb6   Qf8
 19. f3   Nxd5   20. Rxd5   Be6
 21. Rd2   d5   22. Qb3   dxc4
  23. Bxc4   Bxc4   24. Qxc4 
 Rc8   25. Qe4   Qf7   26. Rd7
  Rxc3+  
27. bxc3  Ba3+  28. Kc2 
 Qxd7   29. Qxe5+  1-0

[Event "US Open 2021"]
[Site "Crowne Plaza Cherry Hill, United States"]
[Date "2021.08.07"]
[EventDate "?"]
[Round "8.4"]
[Result "1/2-1/2"]
[White "Timur Gareyev"]
[Black "Alexander Shabalov"]
[WhiteElo "2692"]
[BlackElo "2624"]
[PlyCount "128"]

1. d4  d5   2. c4   e6   3. Nc3
  Bb4   4.
e3   Nf6  
5. Qc2   O-O   6. a3  Be7   7.
Nf3   b6  
8. Bd2   c5   9. cxd5   exd5 
 10. Be2   Bb7   11. O-O  Nbd7 
12. Rad1   Rc8   13. Qf5   Qc7 
 14. dxc5   bxc5   15. b4   g6
  16. Qb1  
Nb6   17. Nb5   Qb8   18. bxc5 
 Bxc5   19. Bc3   Nbd7   20. Qa1
  Ne4   21.
Bg7   Rfe8   22. Bh6   Ne5 
 23. Rb1   f6   24. Rfc1   Bb6
  25. Rxc8   Qxc8   26. Nxe5 
 Rxe5   27. Bf4   Re7   28. Rc1
  Qd8   29.
Nd4   g5  
30. Bg3   Nxg3   31. hxg3   Rc7 
 32. Rd1   Qe7   33. Bf3   Qe5
  34. Qb1  
Kg7   35. Nf5+   Kf7   36. g4 
 Rc5   37. Nd6+   Qxd6   38. Qxh7+
  Kf8   39.
Qh8+   Kf7   40. Qh7+  Kf8  
41. Qxb7   d4   42. exd4   Rc7 
 43. Qa6   Rd7   44. a4   Bxd4
  45. Qc4  
Qb6   46. Kf1   Rd6   47. g3 
 Be5   48. Qc8+   Ke7   49. Rxd6
  Qxd6   50.
Kg2   Qc7  
51. Qg8   Qb8   52. Qh7+   Kd6 
53. Qc2   Qb6   54. Be4   Qc5 
 55. Qd3+  Qd4   56. Qa6+  Qb6  
57. Qc8   Qc7   58. Qf8+   Qe7 
 59. Qg8   Qd7   60. Qd5+   Ke7
  61. Qc5+   Bd6   62. Qe3 
 Kd8   63. Qc3   Ke7   64. Bc6
 Qc7   1/2-1/2

[Event "US Open 2021"]
[Site "Crowne Plaza Cherry Hill, United States"]
[Date "2021.08.07"]
[EventDate "?"]
[Round "8.3"]
[Result "1-0"]
[White "Benjamin Gledura"]
[Black "Aleksey Sorokin"]
[WhiteElo "2721"]
[BlackElo "2628"]
[PlyCount "120"]

1. Nf3  Nf6   2. c4   g6   3. Nc3
  d5   4.
cxd5   Nxd5  5. e4   Nxc3   6. bxc3
  Bg7   7.
Ba3   O-O  
8. d4   b6   9. Bc4   Nc6 
 10. O-O   Na5   11. Bd3   c5
  12. Rc1  
Bg4   13. d5   e6   14. h3 
 Bxf3   15. Qxf3  exd5   16. exd5 
 Qd7   17. Ba6   Nb7   18. Bxb7
  Qxb7  19. c4  Rae8   20. Qb3 
 Re7   21. Rce1   Rfe8   22. Rxe7
  Qxe7  23. Bc1   Bd4   24. Qb5
  Qd8   25.
Bg5   f6  
26. Bf4   Re4   27. Bg3   Qe8 
 28. Qa6   f5   29. Qb7   Re7
  30. Qc6  
Kf7   31. Bd6   Re1   32. Qc7+ 
 Kf6   33. Rxe1   Qxe1+   34. Kh2
  g5   35.
Qd8+   Kg6   36. Qg8+   Kf6 
37. h4   gxh4   38. Bf4   Bxf2 
 39. Qf8+   Kg6   40. Qh6+   Kf7
  41. Qxh7+   Kf6   42. Qh6+ 
 Kf7   43. Qh5+   Kg8   44. Qg5+
  Kh8   45.
Qxf5   Bg3+   46. Kh3   Qh1+ 
 47. Kg4   Qxg2   48. Qe5+   Kh7
  49. Bxg3   hxg3   50. Qxg3 
 Qe4+   51. Qf4  Qg6+   52. Kh4 
 Qd3   53. d6   b5   54. Qf7+
  Kh6   55.
Qd5   Qe3  
56. d7   Qf2+   57. Kg4   Qg1+ 
 58. Kf5   Qg5+   59. Ke6   Qd8
  60. Qe5  
1-0

[Event "US Open 2021"]
[Site "Crowne Plaza Cherry Hill, United States"]
[Date "2021.08.07"]
[EventDate "?"]
[Round "8.1"]
[Result "1-0"]
[White "Aleksandre Lenderman"]
[Black "John Michael Burke"]
[WhiteElo "2703"]
[BlackElo "2640"]
[PlyCount "120"]

1. Nf3  d5   2. d4   Nf6   3. c4
 e6   4. e3   b6   5. Bd3
  Bb7   6.
O-O   Bd6  
7. b3   O-O   8. cxd5   exd5 
 9. Ba3  c5   10. Nc3   Nbd7 
 11. Nb5   Bb8   12. Rc1   Ne4
  13. Qe2  
Re8   14. Nc3   cxd4   15. Nxd4 
 Qh4   16. f4   a6   17. Bxe4
  dxe4  18. Nf5   Qf6   19. Qg4
  Nc5   20.
Bxc5   bxc5  21. Nxg7   Qxg7   22. Qd7
  Ba7   23.
Qxb7  c4   24. Nd5  Reb8   25. Qc6 
 cxb3  26. axb3   Kh8   27. Kh1 
 Rg8   28. Rc2   Rad8   29. Nf6
  Rgf8  30. Nxe4   Bxe3   31. Qxa6
  Bxf4   32.
Rxf4   Rd1+   33. Rf1  Qg6  34. Qe2   Rxf1+   35. Qxf1
 Qxe4   36. Rc4   Qe5   37. b4
  Rb8   38.
h3   Kg7  
39. Rg4+   Kf8   40. Rf4   Rb7 
 41. b5   Ra7   42. Rb4   Ra3
  43. Qd1  
Ra1   44. Rb1   Ra3   45. b6 
 Rxh3+   46. gxh3   Qe4+  47. Kg1 
 Qe3+  48. Kg2   Qe4+   49. Kf2 
 Qh4+   50. Ke3   Qh6+   51. Kd4
  Qd6+   52.
Kc4   Qc6+   53. Kb4   Qxb6+ 
 54. Ka3   Qc5+   55. Rb4   Qc3+
  56. Rb3  
Qa5+   57. Kb2   Qe5+  58. Rc3  
Qb5+  59. Qb3   Qe2+  60. Rc2  1-0